[Event "Let's Play Chess!"]
[Site "http://www.queenalice.com/game.php?id=165654"]
[Date "2007.2.8"]
[Round "-"]
[White "SlickShoes"]
[Black "Marcell"]
[Result "1-0"]
[WhiteElo "1100"]
[BlackElo "1409"]

1. e4 c5 2. Nf3 a6 3. c3 d6 4. Bc4 b5 5. Bb3 c4 6. Bc2 e5 7. d4 Bg4 8. O-O h5 9.
dxe5 Bxf3 10. Qxf3 dxe5 11. Rd1 1-0

[Event "Let's Play Chess!"]
[Site "http://www.queenalice.com/game.php?id=165730"]
[Date "2007.2.8"]
[Round "-"]
[White "SlickShoes"]
[Black "moronipimenta"]
[Result "0-1"]
[WhiteElo "1455"]
[BlackElo "1603"]

1. e4 d5 2. d4 e5 3. Nc3 c6 4. Nge2 c5 5. dxc5 Bxc5 6. Nxd5 Nc6 7. c3 Nf6 8. Ng3
Bg4 9. Be2 Bxe2 10. Qxe2 Nxd5 11. Qc4 b6 12. exd5 Ne7 13. Qb5+ Qd7 14. Qxd7+
Kxd7 15. Be3 Nxd5 16. O-O-O Ke6 17. Rhe1 Bxe3+ 18. fxe3 Rad8 19. e4 Nf4 20. Rd2
Nd3+ 21. Kd1 Nxe1 22. Kxe1 Rxd2 23. Kxd2 Rd8+ 24. Kc2 g6 25. c4 Rd4 0-1

[Event "Challenge"]
[Site "http://www.queenalice.com/game.php?id=174911"]
[Date "2007.2.27"]
[Round "-"]
[White "luizachess"]
[Black "SlickShoes"]
[Result "0-1"]
[WhiteElo "1167"]
[BlackElo "1371"]

1. d4 e5 2. c4 Nf6 3. dxe5 Ng4 4. Qd4 d6 5. h3 Nc6 6. Qd3 Ngxe5 7. Qe3 Nb4 8. a3
Nc2+ 9. Kd2 Nxe3 10. fxe3 Nxc4+ 11. Kc3 d5 12. b3 Nb6 13. Nf3 g6 14. Ne5 Bg7 15.
Kd4 f6 16. Nf3 f5+ 17. Kd3 Bxa1 18. a4 Qe7 19. Kd2 Be6 20. h4 Qb4+ 21. Kd1 Qxb3+
22. Kd2 Qxb1 23. g3 Nxa4 24. Bh3 Bc3+ 25. Kd1 Nb2# 0-1

[Event "AUTO-INT-369"]
[Site "http://www.queenalice.com/game.php?id=177145"]
[Date "2007.3.5"]
[Round "1"]
[White "SlickShoes"]
[Black "kane"]
[Result "1-0"]
[WhiteElo "1443"]
[BlackElo "1439"]

1. e4 Nf6 2. e5 Ng8 3. f4 e6 4. Nf3 g6 5. Nc3 Nc6 6. a3 Nh6 7. h3 Nf5 8. Ne4 Be7
9. g4 Nfd4 10. c3 Nxf3+ 11. Qxf3 O-O 12. Qf2 g5 13. d4 gxf4 14. Bxf4 Na5 15. Bh6
Re8 16. Bd3 b6 17. b4 Nc6 18. O-O Bf8 19. Nf6+ Kh8 20. Nxe8 Qxe8 21. Qf6+ 1-0

[Event "AUTO-INT-369"]
[Site "http://www.queenalice.com/game.php?id=177146"]
[Date "2007.3.5"]
[Round "1"]
[White "kane"]
[Black "SlickShoes"]
[Result "0-1"]
[WhiteElo "1439"]
[BlackElo "1437"]

1. e4 c5 2. Nc3 e6 3. e5 Nc6 4. f4 f6 5. exf6 gxf6 6. Nf3 a6 7. g3 b5 8. b3 Bg7
9. Bb2 Bb7 10. Bg2 d5 11. Bh3 Qd7 12. Qe2 Nb4 13. Qd1 d4 14. Nb1 d3 15. cxd3
Nxd3+ 16. Ke2 Nxb2 17. Qc2 Bxf3+ 18. Kxf3 Qc6+ 19. Qe4 Ne7 20. Qxc6+ Nxc6 21.
Na3 Nd4+ 22. Kg4 f5+ 23. Kh5 O-O 24. Rae1 Rf6 25. g4 Rh6+ 26. Kg5 Nf3# 0-1

[Event "AUTO-INT-369"]
[Site "http://www.queenalice.com/game.php?id=177148"]
[Date "2007.3.5"]
[Round "1"]
[White "SGF"]
[Black "SlickShoes"]
[Result "0-1"]
[WhiteElo "1391"]
[BlackElo "1327"]

1. e4 c5 2. Bc4 e6 3. Qf3 Nc6 4. Nh3 Nd4 5. Qd3 b5 6. Bxb5 Be7 7. Qg3 Nxc2+ 8.
Kd1 Nxa1 9. Qxg7 Bf6 10. Qg3 Qa5 11. Qd3 a6 12. Bc4 Qa4+ 13. b3 Qxa2 14. Nf4 Bb7
15. Nc3 Bxc3 16. Qxc3 Bxe4 17. Qxh8 O-O-O 18. f3 Ne7 19. Qg7 Nc6 20. fxe4 Nd4
21. Bd3 Qxb3+ 22. Ke1 Nac2+ 23. Bxc2 Qxc2 24. Ne2 Qxe4 25. Kf2 Qxe2+ 26. Kg3
Nf5+ 27. Kh3 Qh5# 0-1

[Event "Challenge"]
[Site "http://www.queenalice.com/game.php?id=177805"]
[Date "2007.3.6"]
[Round "-"]
[White "holandes"]
[Black "SlickShoes"]
[Result "0-1"]
[WhiteElo "1421"]
[BlackElo "1478"]

1. e4 c5 2. c3 Nf6 3. e5 Nd5 4. d4 d6 5. f4 Nc6 6. Bb5 Bd7 7. c4 Qa5+ 8. Bd2
Ncb4 9. Na3 Nd3+ 10. Kf1 N5b4 11. Bc3 Nxf4 12. Nf3 O-O-O 13. Ne1 dxe5 14. g3
cxd4 15. Bd2 Bh3+ 16. Kf2 e6 17. gxf4 exf4 18. Qh5 Bf5 19. Qxf7 a6 20. Rc1 axb5
21. cxb5+ Kb8 22. Bxf4+ Ka7 23. Bc7 Bg6 24. Qxe6 Nd3+ 25. Nxd3 Qd2+ 26. Qe2 Qg5
27. b6+ Ka6 28. Nf4+ d3 29. Qd2 Bc5+ 30. Kf1 Rhf8 31. Nc4 Rxf4+ 32. Ke1 Re8+ 33.
Be5 Re4+ 34. Kf1 Rf8+ 0-1

[Event "Challenge"]
[Site "http://www.queenalice.com/game.php?id=179287"]
[Date "2007.3.9"]
[Round "-"]
[White "SlickShoes"]
[Black "lica"]
[Result "1-0"]
[WhiteElo "1404"]
[BlackElo "1277"]

1. e4 e5 2. d4 Qh4 3. Nd2 exd4 4. c3 d5 5. Ngf3 Qh5 6. Be2 dxe4 7. Nxd4 Qd5 8.
Bc4 Qg5 9. Nxe4 Qxg2 10. Ng3 Nf6 11. Nf3 Be6 12. Qe2 Nc6 13. Bxe6 Bc5 14. Bf5+
Kf8 15. Be3 Bd6 16. Rg1 Nd4 17. Bxd4 Re8 18. Be3 Qxf3 19. Qxf3 g6 20. Bc2 c5 21.
Qxf6 Rg8 22. Qxd6+ Re7 23. O-O-O b6 24. Bh6+ Ke8 25. Qb8# 1-0

[Event "Challenge"]
[Site "http://www.queenalice.com/game.php?id=180975"]
[Date "2007.3.13"]
[Round "-"]
[White "lica"]
[Black "SlickShoes"]
[Result "0-1"]
[WhiteElo "1361"]
[BlackElo "1472"]

1. e4 c5 2. Nf3 d6 3. d4 cxd4 4. Qxd4 Nc6 5. Qc4 Nf6 6. Bg5 e6 7. Be2 h6 8. Bh4
g5 9. Bg3 Bg7 10. Nbd2 O-O 11. Rd1 Bd7 12. Bxd6 Re8 13. e5 Nd5 14. h4 f6 15. Ne4
fxe5 16. hxg5 Na5 17. Qd3 Nf4 18. Qc3 Rc8 19. Qb4 Rc4 20. Bxc4 Nc6 21. Qxb7
Nxg2+ 22. Kf1 Bc8 23. Qxc6 Bd7 24. Qc5 Qa8 25. gxh6 Qxe4 26. h7+ Kh8 27. Be2 Nf4
28. Re1 Nxe2 29. Rh3 Qf5 30. Kxe2 Qxh3 31. Bxe5 Qxh7 32. Bxg7+ Kxg7 33. Qg5+ Kf8
34. Qf4+ Ke7 35. Qb4+ Kd8 36. Qb8+ Ke7 37. Qxa7 Qxc2+ 38. Kf1 Qd3+ 39. Kg2 Rg8+
40. Kh3 e5+ 41. Kh2 Qh7+ 0-1

[Event "AUTO-INT-381"]
[Site "http://www.queenalice.com/game.php?id=182150"]
[Date "2007.3.15"]
[Round "1"]
[White "cristal_negro"]
[Black "SlickShoes"]
[Result "1-0"]
[WhiteElo "1667"]
[BlackElo "1500"]

1. e4 c5 2. Nc3 Nc6 3. Nf3 e6 4. Bd3 Nf6 5. O-O g6 6. Re1 Bg7 7. Nb5 O-O 8. e5
Ng4 9. Bc4 a6 10. Nd6 b5 11. Be2 Ngxe5 12. Nxe5 Bxe5 13. Nxc8 Rxc8 14. Bf3 d5
15. c3 Qc7 16. g3 f5 17. d3 f4 18. Bg4 Rf6 19. d4 cxd4 20. cxd4 Nxd4 21. Rb1 f3
22. Be3 h5 23. Bxd4 Bxd4 24. Rxe6 Qc5 25. Rxf6 Bxf2+ 26. Kh1 Kg7 27. Bxc8 Qxc8
28. Qxf3 Qc2 29. Qxf2 Qxb1+ 30. Kg2 Qxa2 31. Rf7+ 1-0

[Event "AUTO-INT-381"]
[Site "http://www.queenalice.com/game.php?id=182151"]
[Date "2007.3.15"]
[Round "1"]
[White "SlickShoes"]
[Black "cristal_negro"]
[Result "0-1"]
[WhiteElo "1484"]
[BlackElo "1678"]

1. e4 e5 2. Nf3 Nc6 3. Bb5 Bd6 4. O-O a6 5. Ba4 Nf6 6. c3 O-O 7. Bb3 b5 8. Ng5
Qe7 9. d3 Bc5 10. Nd2 d6 11. Bc2 Ng4 12. Ndf3 f6 13. Bb3+ Kh8 14. Nh4 Bxf2+ 15.
Kh1 Be3 16. Nf5 Bxf5 17. exf5 Nf2+ 18. Rxf2 Bxg5 19. Bd5 Qd7 20. g3 Bxc1 21.
Rxc1 Rab8 22. Qf3 Ne7 23. Be6 Qc6 24. d4 Qxf3+ 25. Rxf3 exd4 26. cxd4 c6 27. Re1
Nd5 28. Bd7 Rb6 29. a3 b4 30. Rb3 a5 31. Rc1 a4 32. Rf3 Rd8 33. Bxc6 Rc8 34. Re1
Rbxc6 0-1

[Event "AUTO-INT-381"]
[Site "http://www.queenalice.com/game.php?id=182163"]
[Date "2007.3.15"]
[Round "1"]
[White "SlickShoes"]
[Black "maeaton"]
[Result "0-1"]
[WhiteElo "1516"]
[BlackElo "1691"]

1. e4 c6 2. d4 d5 3. Nc3 dxe4 4. Nxe4 Nf6 5. Nxf6+ exf6 6. Bd3 Qxd4 7. Ne2 Qb6
8. O-O Nd7 9. Re1 Ne5 10. h3 Bc5 11. Rf1 Nxd3 12. Qxd3 O-O 13. b3 Rd8 14. Qf3
Be6 15. Ng3 Bd4 16. Be3 Qa5 17. Bxd4 Rxd4 18. Ne2 Rd2 19. Rfc1 Rad8 0-1

[Event "AUTO-INT-381"]
[Site "http://www.queenalice.com/game.php?id=182170"]
[Date "2007.3.15"]
[Round "1"]
[White "SlickShoes"]
[Black "serapio"]
[Result "0-1"]
[WhiteElo "1470"]
[BlackElo "1602"]

1. e4 e5 2. d4 exd4 3. c3 c5 4. f4 Nh6 5. cxd4 Na6 6. Be2 g6 7. Be3 Bg7 8. Nf3
Ng4 9. Bd2 cxd4 10. Qb3 O-O 11. Ng5 Qe7 12. Bxg4 d5 13. Bf3 Nc5 14. Qxd5 Rd8 15.
Qc4 h6 16. Nxf7 Be6 17. Nxh6+ Bxh6 18. Qe2 d3 19. Qf2 Rd4 20. Qxd4 Bg7 21. e5
Rd8 22. Qb4 b6 23. Be4 a5 24. Qxb6 Nxe4 25. Bxa5 Rf8 26. Bb4 Qf7 27. Bxf8 Bxf8
28. g3 g5 29. Rf1 Bh3 30. Rf3 Qh5 31. Qe3 Bb4+ 32. Kd1 Bg4 33. Kc1 Bxf3 34. Qxd3
g4 35. Qc4+ Qf7 36. Qxb4 Qc7+ 37. Nc3 Nxc3 38. bxc3 Kf7 39. a4 Ke6 40. c4 Qd7
41. Qc3 Qd1+ 0-1

[Event "AUTO-INT-381"]
[Site "http://www.queenalice.com/game.php?id=182171"]
[Date "2007.3.15"]
[Round "1"]
[White "serapio"]
[Black "SlickShoes"]
[Result "1-0"]
[WhiteElo "1561"]
[BlackElo "1489"]

1. e4 c5 2. f4 e6 3. b3 Nc6 4. Bb2 d5 5. exd5 exd5 6. Na3 Nf6 7. Qe2+ Be7 8.
O-O-O Nd4 9. Bxd4 O-O 10. Bxf6 Bxf6 11. Qh5 g6 12. Qf3 a6 13. g4 Bd7 14. f5 g5
15. Nb1 Bc6 16. h4 d4 17. Qh3 Bxh1 18. Qxh1 gxh4 19. Nf3 Kh8 20. g5 Be7 21. Bd3
f6 22. Qxh4 fxg5 23. Qh6 Qd5 24. f6 Rf7 25. fxe7 Qxf3 26. Rf1 Rf6 27. Qxh7# 1-0